Оценка эколого-геохимического состояния территории г. Актобе по результатам изучения золы листьев тополя черного (Populus NIgra L.), Республика Казахстан; Проблемы геологии и освоения недр; Т. 1
| Parent link: | Проблемы геологии и освоения недр: труды XVIII Международного симпозиума имени академика М. А. Усова студентов и молодых ученых, Томск, 7-11 апреля 2014 г./ Национальный исследовательский Томский политехнический университет (ТПУ), Институт природных ресурсов (ИПР) ; Общество инженеров-нефтяников, международная некоммерческая организация, Студенческий чаптер ; под ред. А. Ю. Дмитриева.— , 2014 Т. 1.— [С. 683-684] |
|---|---|
| Autore principale: | |
| Ente Autore: | |
| Altri autori: | |
| Riassunto: | Заглавие с экрана |
| Lingua: | russo |
| Pubblicazione: |
|
| Serie: | Геоэкология, охрана и защита окружающей среды. Геоинформационные системы в геоэкологии |
| Soggetti: | |
| Accesso online: | http://earchive.tpu.ru/handle/11683/65467 http://www.lib.tpu.ru/fulltext/c/2014/C11/V1/330.pdf |
| Natura: | Elettronico Capitolo di libro |
| KOHA link: | https://koha.lib.tpu.ru/cgi-bin/koha/opac-detail.pl?biblionumber=608375 |
MARC
| LEADER | 00000naa2a2200000 4500 | ||
|---|---|---|---|
| 001 | 608375 | ||
| 005 | 20260320091717.0 | ||
| 035 | |a (RuTPU)RU\TPU\conf\5806 | ||
| 035 | |a RU\TPU\conf\5805 | ||
| 090 | |a 608375 | ||
| 100 | |a 20140929d2014 k y0rusy50 ca | ||
| 101 | 0 | |a rus | |
| 102 | |a RU | ||
| 135 | |a drmn ---uucaa | ||
| 181 | 0 | |a i | |
| 182 | 0 | |a b | |
| 200 | 1 | |a Оценка эколого-геохимического состояния территории г. Актобе по результатам изучения золы листьев тополя черного (Populus NIgra L.), Республика Казахстан |f Ж. М. Алдонгарова |g науч. рук. Н. В. Барановская | |
| 203 | |a Текст |c электронный | ||
| 225 | 1 | |a Геоэкология, охрана и защита окружающей среды. Геоинформационные системы в геоэкологии | |
| 300 | |a Заглавие с экрана | ||
| 320 | |a [Библиогр.: с. 684 (12 назв.)] | ||
| 337 | |a Adobe Reader | ||
| 461 | 1 | |0 (RuTPU)RU\TPU\conf\5590 |t Проблемы геологии и освоения недр |o труды XVIII Международного симпозиума имени академика М. А. Усова студентов и молодых ученых, Томск, 7-11 апреля 2014 г. |o в 2 т. |f Национальный исследовательский Томский политехнический университет (ТПУ), Институт природных ресурсов (ИПР) ; Общество инженеров-нефтяников, международная некоммерческая организация, Студенческий чаптер ; под ред. А. Ю. Дмитриева |d 2014 | |
| 463 | 1 | |0 (RuTPU)RU\TPU\conf\5592 |t Т. 1 |v [С. 683-684] | |
| 610 | 1 | |a труды учёных ТПУ | |
| 610 | 1 | |a электронный ресурс | |
| 610 | 1 | |a эколого-геохимическое состояние | |
| 610 | 1 | |a Актобе | |
| 610 | 1 | |a зола | |
| 610 | 1 | |a листья | |
| 610 | 1 | |a тополя | |
| 610 | 1 | |a Республика Казахстан | |
| 610 | 1 | |a отбор проб | |
| 610 | 1 | |a снежный покров | |
| 700 | 1 | |a Алдонгарова |b Ж. М. | |
| 702 | 1 | |a Барановская |b Н. В. |c геохимик |c профессор Томского политехнического университета, доктор биологических наук |f 1970- |g Наталья Владимировна |4 727 | |
| 712 | 0 | 2 | |a Национальный исследовательский Томский политехнический университет (ТПУ) |b Институт природных ресурсов (ИПР) |b Кафедра геоэкологии и геохимии (ГЭГХ) |3 (RuTPU)RU\TPU\col\18658 |
| 801 | 2 | |a RU |b 63413507 |c 20210916 |g RCR | |
| 856 | 4 | |u http://earchive.tpu.ru/handle/11683/65467 | |
| 856 | 4 | |u http://www.lib.tpu.ru/fulltext/c/2014/C11/V1/330.pdf | |
| 942 | |c BK | ||